Statystyki dla najpopularniejsze sporty na świecie

Kliknij tutaj aby rozwiązać quiz!

Ogólne statystyki

  • Ten quiz został rozwiązany 8 614 razy
  • Średni wynik to 6 z 10

Statystyki odpowiedzi

HintOdpowiedź% Poprawnych
ok. 4 miliardyPiłka nożna
100%
ponad 2 miliardyKoszykówka
95%
ok. 900 milionówSiatkówka
93%
ok. 2 miliardypiłka ręczna
72%
ok. 2 miliardyHokej
61%
ok. 410 milionówRugby
47%
ok. 2,5- 3 miliardyKrykiet
40%
ok. 500 milionówBaseball
37%
ok. 450 milionówFootball amerykański
12%
ok. 130 milionówcurling
2%

Rozkład punktacji

Percentyl według liczby udzielonych odpowiedzi

Procent ludzi z każdym wynikiem

Twoja historia wyników

Nie rozwiązałeś tego quizu